000 00554nam a2200181Ia 4500
008 090124s9999 xx 000 0 und d
082 _b4906
100 _aहसमनीस. द. का.
245 _a सोन्याचे कडे
250 _a0
260 _bनवलेखन प्रकाशन
_c1964
300 _a168
600 _aहसमनीस. द. का.
630 _a सोन्याचे कडे
700 _aहसमनीस. द. का.
730 _a सोन्याचे कडे
942 _cBOOK
999 _c83877
_d83877